000 00741nam a2200217Ia 4500
001 1197
003 GE_BSU
008 181216s||||||||xx |||||||||||||| ||und||
020 _a9789941008542
040 _cGE_BSU
080 _a63(075.8)
100 _aტყებუჩავა, ზაირა
245 _aსოფლის მეურნეობის საფუძვლები ნ. 1.
260 _aთბილისი
260 _bსაქ. სახ.სას-სამ.უნ-ტი
260 _c2008
300 _a118 გვ 20 სმ.
541 _h6 ლ.
653 _aსოფლის მეურნეობის საფუძვლები სახელმძჶვანელო
942 _cBK
999 _c35344
_d35344